Serenáda

Bibliographic Details
Main Author: Mozart, Wolfgang Amadeus, 1756-1791 (Author)
Format: Book
Language:Undetermined
PhysicalDescription:22 s.
Published: Praha Orbis

MARC

LEADER 00000nam a2200000 a 4500
001 vtls001360951
003 SK-MaSNL
005 20260301010655.0
008 240314suuuu xx 0 und
035 |a SNK000314518 
040 |a SNK  |b slo  |c SNK  |e AACR2 
100 1 |a Mozart, Wolfgang Amadeus,  |d 1756-1791  |4 aut  |9 99646 
245 1 0 |a Serenáda 
260 |a Praha  |b Orbis 
300 |a 22 s. 
999 |c 548786  |d 550716 
952 |t P60, <04>, [BOOK], {604}  |a SNK  |b SNK  |y VYP  |7 0  |p 17A0190727  |o snkHB 1282 D1  |0 0  |1 0  |4 0  |d 1999-04-20  |l 0  |r 2005-01-02 00:00:00  |w 2026-02-23 
952 |t P60, <04>, [BOOK], {604}  |a SNK  |b SNK  |y VYP  |7 0  |p 17A0202701  |o snkHB 1282  |0 0  |1 0  |4 0  |d 1999-07-19  |l 0  |r 2005-01-02 00:00:00  |w 2026-02-23